Early Philippine literature from ancient times to 1940 : (Record no. 17058)
[ view plain ]
| 000 -LEADER | |
|---|---|
| fixed length control field | 01275cam a2200385 a 4500 |
| 001 - CONTROL NUMBER | |
| control field | 14652418 |
| 003 - CONTROL NUMBER IDENTIFIER | |
| control field | OSt |
| 005 - DATE AND TIME OF LATEST TRANSACTION | |
| control field | 20140310182858.0 |
| 008 - FIXED-LENGTH DATA ELEMENTS--GENERAL INFORMATION | |
| fixed length control field | 061201s2006 ph b 000 0 eng |
| 010 ## - LIBRARY OF CONGRESS CONTROL NUMBER | |
| LC control number | 2006343314 |
| 020 ## - INTERNATIONAL STANDARD BOOK NUMBER | |
| International Standard Book Number | 9712716554 |
| 040 ## - CATALOGING SOURCE | |
| Original cataloging agency | DLC |
| Transcribing agency | DLC |
| Modifying agency | DLC |
| 041 0# - LANGUAGE CODE | |
| Language code of text/sound track or separate title | eng |
| -- | spa |
| -- | tgl |
| 042 ## - AUTHENTICATION CODE | |
| Authentication code | lcode |
| 043 ## - GEOGRAPHIC AREA CODE | |
| Geographic area code | a-ph--- |
| 050 00 - LIBRARY OF CONGRESS CALL NUMBER | |
| Classification number | PL5543 |
| Item number | .M299 2006 |
| 082 ## - DEWEY DECIMAL CLASSIFICATION NUMBER | |
| Classification number | FIL899.211 |
| Item number | Ea7 2006 |
| 245 00 - TITLE STATEMENT | |
| Title | Early Philippine literature from ancient times to 1940 : |
| Remainder of title | with teaching notes and study guides / |
| Statement of responsibility, etc | Maramba, Asuncion D. |
| 250 ## - EDITION STATEMENT | |
| Edition statement | Rev. ed. |
| 260 ## - PUBLICATION, DISTRIBUTION, ETC. (IMPRINT) | |
| Place of publication, distribution, etc | Manila : |
| Name of publisher, distributor, etc | Published and exclusively distributed by Anvil, |
| Date of publication, distribution, etc | c2006. |
| 300 ## - PHYSICAL DESCRIPTION | |
| Extent | xxvi, 352 p. ; |
| Dimensions | 26 cm. |
| 504 ## - BIBLIOGRAPHY, ETC. NOTE | |
| Bibliography, etc | Includes bibliographical references (p. 351). |
| 521 ## - TARGET AUDIENCE NOTE | |
| Target audience note | |
| 526 ## - STUDY PROGRAM INFORMATION NOTE | |
| Reading level | 1210L-1700L |
| 541 ## - IMMEDIATE SOURCE OF ACQUISITION NOTE | |
| -- | 1 |
| 541 ## - IMMEDIATE SOURCE OF ACQUISITION NOTE | |
| -- | 2 |
| 546 ## - LANGUAGE NOTE | |
| Language note | English, Spanish, and Tagalog. |
| 562 ## - COPY AND VERSION IDENTIFICATION NOTE | |
| Number of copies | 2 |
| 650 #0 - SUBJECT ADDED ENTRY--TOPICAL TERM | |
| Topical term or geographic name as entry element | Tagalog literature |
| General subdivision | Translations into English. |
| 650 #0 - SUBJECT ADDED ENTRY--TOPICAL TERM | |
| Topical term or geographic name as entry element | Philippine literature (Spanish) |
| General subdivision | Translations into English. |
| 700 1# - ADDED ENTRY--PERSONAL NAME | |
| Personal name | Maramba, Asuncion David. |
| 906 ## - LOCAL DATA ELEMENT F, LDF (RLIN) | |
| a | 7 |
| b | cbc |
| c | origode |
| d | 2 |
| e | ncip |
| f | 20 |
| g | y-gencatlg |
| 942 ## - ADDED ENTRY ELEMENTS (KOHA) | |
| Source of classification or shelving scheme | Library of Congress Classification |
| Koha item type | Books |
| Call number prefix | Filipininana |
| Withdrawn status | Lost status | Source of classification or shelving scheme | Damaged status | Home library | Current library | Shelving location | Date acquired | Total Checkouts | Full call number | Barcode | Date last seen | Copy number | Price effective from | Koha item type | Public note | Total Renewals | Date checked out |
|---|---|---|---|---|---|---|---|---|---|---|---|---|---|---|---|---|---|
| Lost | Library of Congress Classification | College Library | College Library | Filipiniana Section | 06/11/2012 | PL5543 .M299 2006 | C14380 | 06/11/2012 | 1 | 06/11/2012 | Books | On loan to Mojico, Noel (Athena) | |||||
| Library of Congress Classification | College Library | College Library | Filipiniana Section | 05/04/2013 | 3 | PL5543 .M299 2006 | C7779 | 09/18/2024 | 2 | 05/04/2013 | Books | 2 | 09/18/2024 |